|
|
|
|
| LEADER |
01407cam a2200373 a 4500 |
| 001 |
nkc20122371186 |
| 003 |
CZ PrNK |
| 005 |
20250627235007.0 |
| 007 |
ta |
| 008 |
120420s2012 xr a b 000 j cze d |
| 015 |
|
|
|a cnb002371186
|
| 020 |
|
|
|a 978-80-7442-029-0
|q (váz.)
|
| 035 |
|
|
|a (OCoLC)815380785
|
| 040 |
|
|
|a CBA001
|b cze
|d BOA001
|d OLA001
|d ABA001
|
| 072 |
|
7 |
|a 821.162.3-3
|x Česká próza
|2 Konspekt
|9 25
|
| 072 |
|
7 |
|a 821-93
|x Literatura pro děti a mládež (beletrie)
|2 Konspekt
|9 26
|
| 080 |
|
|
|a 821.162.3-32
|2 MRF
|
| 080 |
|
|
|a 821-93
|2 MRF
|
| 080 |
|
|
|a (0:82-32)
|2 MRF
|
| 100 |
1 |
|
|a Petrželová, Jitka,
|d 1944-
|7 mzk2005270065
|4 aut
|
| 245 |
1 |
0 |
|a Jak kometa šla do světa /
|c Jitka Petrželová ; ilustrace Zdenka Krejčová
|
| 260 |
|
|
|a Praha :
|b Aventinum,
|c 2012
|
| 300 |
|
|
|a 47 s. :
|b barev. il. ;
|c 17 x 18 cm
|
| 655 |
|
7 |
|a české příběhy
|7 fd133973
|2 czenas
|
| 655 |
|
7 |
|a publikace pro děti
|7 fd133156
|2 czenas
|
| 655 |
|
9 |
|a Czech stories
|2 eczenas
|
| 655 |
|
9 |
|a children's literature
|2 eczenas
|
| 700 |
1 |
|
|a Krejčová, Zdeňka,
|d 1944-
|7 jk01063265
|4 ill
|
| 856 |
4 |
1 |
|u http://www.digitalniknihovna.cz/mzk/uuid/uuid:766b8f20-3641-11f0-86eb-5ef3fc9bb22f
|y Digitalizovaný dokument
|x NDK
|
| 910 |
2 |
|
|a BOA001
|b 1-1290.366
|
| 990 |
|
|
|a BK
|
| 995 |
|
|
|a 01
|
| 991 |
|
|
|b 201209
|e db
|
| 996 |
6 |
|
|b 2610519534
|c 1-1290.366
|l MZK
|r Sklad / do 1 hodiny
|n 1
|p p.v.
|w 001274336
|u 000010
|a 1
|e BOA001
|j MZK50
|s P
|